Тракийската култура (Запис номер 132145)
[ съкратено ]
| 000 -Лидер | |
|---|---|
| Контролно поле с фиксирана дължина | 01970nam a2200481 c 4500 |
| 003 - Код на организацията, давaща контролен номер | |
| Контролно поле | BLK |
| 005 - Дата и час на последна редакция | |
| Контролно поле | 20241105165215.0 |
| 008 - Елементи от данни с фиксирана дължина | |
| fixed length control field | 180409b bul|||||r ||||||| ||bul|| |
| 010 ## - Наследен системен номер | |
| LC control number | KNG00137993000 |
| 020 ## - Международен стандартен номер на книга ISBN | |
| Международен стандартен номер на книга ISBN | 978-954-378-046-4 |
| -- | издат.: Тангра ТанНакРа |
| 040 ## - Източник на каталожния запис | |
| Идентификатор на билиотеката - собственик на записа | BLK |
| 041 ## - Код за език | |
| Код за езика на текст/звукозапис или на отделно заглавие | Български |
| Код за езика КДБФ | Български |
| 072 #7 - Код за тематичната категория | |
| Код организация | bullib |
| Код за тематична категория | Н92 |
| Текст | История Н |
| 080 ## - УДК | |
| Текстов определител УДК | История на цивилизацията. История на културата |
| УДК код - определител по УДК | 930.85 |
| УДК определител | (=919.885) |
| УДК - код + определител | 930.85(=919.885) |
| 080 ## - УДК | |
| Текстов определител УДК | Тракийски племена и тракийска държава (V в. пр. н. е. -V в. от н. е. ) |
| УДК код - определител по УДК | 94(497.2)"-04/+04" |
| УДК определител | |
| УДК - код + определител | 94(497.2)"-04/+04" |
| 080 ## - УДК | |
| Текстов определител УДК | Религия на древните траки. Подразделя се като 291 |
| УДК код - определител по УДК | 292(=919.885) |
| УДК определител | |
| УДК - код + определител | 292(=919.885) |
| 100 ## - Редна дума - Автор | |
| Автор | Фол, Александър Николаев |
| R(LIN) | 366510 |
| 139 ## - Редно поле | |
| Редна дума | Фол, Александър Николаев |
| Авторски знак | Фол - Ф 69 |
| 245 10 - Сведения за заглавието | |
| Заглавие | Тракийската култура |
| Подзаглавни данни | Казано и премълчано |
| Редно поле (дума) | Александър Николаев Фол. |
| 250 ## - Област на изданието | |
| Сведения за изданието | 3. изд. |
| 257 ## - Страна на издаване | |
| Страна на създаване/издаване | България |
| 260 ## - Област на издателските данни | |
| -- | София |
| Име на издателя, разпространителя и проч. | Тангра ТанНакРа |
| Година на издаване | 2009 |
| 300 ## - Физическа характеристика | |
| Страници | 192 с. |
| Размери/Мащаб | 20 см |
| 380 ## - Жанр | |
| Жанр | История |
| 490 1# - СЕРИИ (Колекции) | |
| Име на серия | Българска вечност |
| №: серия | 76 |
| 500 ## - Общи забележки | |
| Забележка | 1. изд. 1995. - Библиогр. с. 181-192. |
| 650 #4 - Допълнително описание по предмет – тема | |
| Основно описание – тема или топоним | Траки - религия |
| 9 (RLIN) | 248956 |
| 650 #4 - Допълнително описание по предмет – тема | |
| Основно описание – тема или топоним | Древна Тракия - история и култура |
| 9 (RLIN) | 250539 |
| 651 #4 - Допълнително описание по предмет - топоним | |
| Географско понятие | Древна Тракия |
| 9 (RLIN) | 245252 |
| 653 ## - Ключова дума – ненормативна | |
| Ключова дума | Древна Тракия |
| 653 ## - Ключова дума – ненормативна | |
| Ключова дума | траки |
| 653 ## - Ключова дума – ненормативна | |
| Ключова дума | история |
| 653 ## - Ключова дума – ненормативна | |
| Ключова дума | култура |
| 653 ## - Ключова дума – ненормативна | |
| Ключова дума | религия |
| 653 ## - Ключова дума – ненормативна | |
| Ключова дума | митология |
| 659 ## - Тематичен бюлетин | |
| Тематичен бюлетин | Н |
| 852 ## - Местоположение | |
| Форматна сигнатура | Цб 257681 |
| 856 4# - Електронен адрес и достъп | |
| Електронен формат | pdf - файл |
| Път до файла /url/ | |
| 856 4# - Електронен адрес и достъп | |
| Електронен формат | pdf - файл |
| Път до файла /url/ | |
| 942 ## - АРТИКУЛИ | |
| Вид на библиотечния материал | Книги |
| Скрит в OPAC | Не |
| 944 ## - СЪЗДАВАНЕ И РЕДАКЦИЯ на ЗАПИСА | |
| Създаване/Редакция | Създаване |
| Дата на регистрацията/редакция | 15.01.2013 |
| Служител, извършил регистрацията/редакцията | 30550 |
| Статус, дата на статуса | Кети Илиева |
| 944 ## - СЪЗДАВАНЕ И РЕДАКЦИЯ на ЗАПИСА | |
| Създаване/Редакция | Редакция |
| Дата на регистрацията/редакция | 21.05.2013 |
| Служител, извършил регистрацията/редакцията | |
| 999 ## - СИСТЕМНИ КОНТРОЛНИ НОМЕРА | |
| Koha biblionumber | 132145 |
| Koha biblioitemnumber | 132145 |
| Код за отписване | Код за изгубен артикул | Код за повреда | Коз за рестрикции | Код за отдаване | Артикулен № | Име на библиотеката - собственик | Име на библиотеката, в която се намира в момента | Статус (Текущо местоположение) | Дата на вписване в системата | Местоположение - отдел | Цена в лева | Инвентарен номер | Систематично азбучна сигнатура | Баркод | Номер на екземпляра | Цена в евро | Служебна бележка | Служебен тип на артикула |
|---|---|---|---|---|---|---|---|---|---|---|---|---|---|---|---|---|---|---|
| Не е изгубен | Не е повреден | без рестрикции | ползва се в читалня | 215606 | Регионална библиотека "Любен Каравелов" Русе | Регионална библиотека "Любен Каравелов" Русе | Хранилище | 2013-01-10 | Хранилище | 12.00 | 120000762850 | Цб 257681 | 120000762850 | 1 | 6.14 | Дост: Dp Вид: Д N: 37 Дата: 12.09.2011 | Книги |